000 00571nam a22001817a 4500
001 BH33594
005 20260701103148.0
008 260701b 1631 fr ||||| |||| 00| 0 lat d
040 _aES-SIBCS
_bspa
041 _alat
130 _pBiblia Vulgata Latina
_926571
245 _aBiblia Sacra Vulgatae Editionis
_bSixti V. Pont. Max. iussu rcognita et Clementis VIII. auctoritate edita
260 _aLugduni:
_bSumptibus Viduae Claudii Rigaud
_c1631
300 _a808, [43], [52] p.;
_c14 cm
561 _aSto. Tomás (Sevilla)
752 _aFrancia
_dLyon
942 _2lcc
_cLA
999 _c18520
_d21751